Water resource management- steps taken by northern railways (Record no. 495188)

000 -LEADER
fixed length control field 00408cam a22001217a 4500
008 - FIXED-LENGTH DATA ELEMENTS--GENERAL INFORMATION
fixed length control field 180718b2009 xxu||||| |||| 00| 0 eng d
082 ## - DEWEY DECIMAL CLASSIFICATION NUMBER
Classification number APPPA 2008-09/KUM
100 ## - MAIN ENTRY--PERSONAL NAME
Personal name Jitendra Kumar
245 ## - TITLE STATEMENT
Title Water resource management- steps taken by northern railways
Statement of responsibility, etc. by Jitendra Kumar
260 ## - PUBLICATION, DISTRIBUTION, ETC.
Place of publication, distribution, etc. New Delhi
Name of publisher, distributor, etc. Indian Institute of Public Administration
Date of publication, distribution, etc. 2009
300 ## - PHYSICAL DESCRIPTION
Extent 121p.
650 ## - SUBJECT ADDED ENTRY--TOPICAL TERM
Topical term or geographic name entry element Water resource management
Holdings
Withdrawn status Lost status Damaged status Not for loan Permanent Location Current Location Date acquired Total Checkouts Full call number Barcode Checked out Date last seen Date last checked out Price effective from Koha item type
        Indian Institute of Public Administration Indian Institute of Public Administration 2018-08-04 1 APPPA 2008-09/KUM GR18335 2020-09-03 2020-09-03 2020-09-03 2018-08-04 GR

Powered by Koha